| 000 | 00565nam a2200145Ia 4500 | ||
|---|---|---|---|
| 008 | 170221s9999 xx 000 0 und d | ||
| 100 | _aVickers, Greg. | ||
| 245 | 2 | _aA cross country comparison of best practices in recruitment and selection | |
| 245 | _cGreg Vickers, Georgia Southern University; Michael McDonald, Georgia Southern University; Jan Grimes, Georgia Southern University. | ||
| 260 | _bJournal of Management and Marketing Research | ||
| 260 | _c2015 | ||
| 300 | _a5 : | ||
| 650 | _xBusiness | ||
| 856 | _uhttp://www.aabri.com/manuscripts/131728.pdf | ||
| 999 |
_c313071 _d313071 |
||